[Event "CZE-chTE U20 0910"]
[Site "Czech Republic"]
[Date "2009.10.03"]
[Round "2.6"]
[White "Zahradnik, Tomas"]
[Black "Janska, Petr"]
[Result "0-1"]
[WhiteElo "1616"]
[BlackElo "1584"]
[PlyCount "118"]
[EventDate "2009.10.03"]
[EventType "team-tourn"]
[EventRounds "7"]
[EventCountry "CZE"]
[SourceTitle "EXT 2011"]
[Source "ChessBase"]
[SourceDate "2010.11.26"]
[SourceVersion "1"]
[SourceVersionDate "2010.11.26"]
[SourceQuality "1"]
[WhiteTeam "Rychnov nad Kneznou (U20)"]
[BlackTeam "Borsice (U20)"]
[WhiteTeamCountry "CZE"]
[BlackTeamCountry "CZE"]

1. Nf3 c5 2. c4 g6 3. g3 b6 4. Bg2 Bb7 5. 0-0 Bg7 6. d3 Nc6 7. Nc3 Nf6 8. Bg5 0-0 9. Qd2 d6 10. Bh6 a6 11. Bxg7 Kxg7 12. e3 Ra7 13. a3 Qa8 14. e4 Nd4 15. Nxd4 cxd4 16. Ne2 e5 17. Qb4 Qd8 18. f4 Ng4 19. f5 Ne3 20. f6+ Kg8 21. Rf3 Nc2 22. Qd2 Ne3 23. Re1 Bc8 24. Rxe3 dxe3 25. Qxe3 Kh8 26. Nc3 Be6 27. b3 Qc7 28. d4 exd4 29. Qxd4 Qc5 30. Qxc5 bxc5 31. Bf3 Rb8 32. Bd1 h6 33. h4 h5 34. Ne2 Bg4 35. Kf2 Re8 36. Bc2 Bxe2 37. Kxe2 Rg8 38. Rd1 Rd8 39. e5 Rad7 40. e6 fxe6 41. Bxg6 Rf8 42. f7 d5 43. Bxh5 d4 44. g4 e5 45. g5 Rdxf7 46. Bxf7 Rxf7 47. Rf1 d3+ 48. Kxd3 Rxf1 49. Ke4 Rf4+ 50. Kxe5 Rxh4 51. Kd5 Rh3 52. b4 cxb4 53. axb4 Rh5 54. c5 Rxg5+ 55. Kc6 Rg4 56. Kb6 Rxb4+ 57. Kxa6 Rc4 58. Kb6 Kg7 59. c6 Kf7 0-1

[Event "CZE-ch U16"]
[Site "Sec u Chrudimi"]
[Date "2008.10.28"]
[Round "5"]
[White "Simurdova, Zdenka"]
[Black "Zahradnik, Tomas"]
[Result "1-0"]
[WhiteElo "1620"]
[BlackElo "1575"]
[PlyCount "151"]
[EventDate "2008.10.25"]
[EventType "swiss"]
[EventRounds "9"]
[EventCountry "CZE"]
[SourceTitle "EXT 2022"]
[Source "ChessBase"]
[SourceDate "2021.10.06"]
[SourceVersion "1"]
[SourceVersionDate "2021.10.06"]
[SourceQuality "1"]

1. e4 e6 2. d4 b6 3. Nf3 Bb7 4. Bd3 Ne7 5. Bf4 d5 6. e5 Nd7 7. 0-0 c5 8. c3 Rc8 9. Nbd2 Qc7 10. Rc1 Ng6 11. Bg3 Be7 12. Re1 c4 13. Bb1 b5 14. Nf1 a5 15. a3 Bc6 16. Qd2 Qb6 17. Bf4 Kd8 18. Bg5 Bxg5 19. Qxg5+ Kc7 20. Bxg6 hxg6 21. Qe7 Rhf8 22. Ng5 Rce8 23. Qd6+ Kb7 24. Nd2 Qc7 25. Qxc7+ Kxc7 26. f4 a4 27. Ngf3 Kd8 28. Nf1 Rh8 29. Ne3 Ke7 30. h4 Nb8 31. Kf2 Rh7 32. Rh1 Reh8 33. Rh3 f6 34. Rch1 Kf7 35. g4 Be8 36. Kg3 f5 37. Ng5+ Kg8 38. Nxh7 Rxh7 39. gxf5 gxf5 40. Rg1 Nc6 41. Nf1 Na5 42. Nd2 Bh5 43. Rh2 Bg4 44. Rhg2 Kf7 45. Rh1 g6 46. Rgh2 Kg7 47. Kf2 Bh5 48. Ke3 Bg4 49. Nf1 Nc6 50. Ng3 Bh5 51. Nxh5+ Rxh5 52. Rg2 Ne7 53. Rg5 Rxg5 54. fxg5 Ng8 55. h5 Kh7 56. Kf4 gxh5 57. g6+ Kxg6 58. Rg1+ Kf7 59. Rg5 h4 60. Rh5 Ne7 61. Rh7+ Ke8 62. Kg5 Nc6 63. Kxh4 Ne7 64. Kg5 Nc6 65. Kf6 Nd8 66. Rc7 Kf8 67. Re7 f4 68. Rh7 Ke8 69. Rh4 Kd7 70. Rxf4 Ke8 71. Rg4 Kd7 72. Rg8 Kc8 73. Ke7 Kc7 74. Rxd8 Kc6 75. Kxe6 Kc7 76. Rd6 1-0

[Event "CZE-ch U16"]
[Site "Sec u Chrudimi"]
[Date "2008.10.27"]
[Round "3"]
[White "Krtous, Zdenek"]
[Black "Zahradnik, Tomas"]
[Result "1/2-1/2"]
[WhiteElo "1791"]
[BlackElo "1575"]
[PlyCount "96"]
[EventDate "2008.10.25"]
[EventType "swiss"]
[EventRounds "9"]
[EventCountry "CZE"]
[SourceTitle "EXT 2022"]
[Source "ChessBase"]
[SourceDate "2021.10.06"]
[SourceVersion "1"]
[SourceVersionDate "2021.10.06"]
[SourceQuality "1"]

1. d4 e6 2. c4 b6 3. Nc3 Bb7 4. Nf3 Bb4 5. Bd2 Ne7 6. a3 Bxc3 7. Bxc3 d5 8. e3 Nd7 9. Bd3 c5 10. 0-0 Rc8 11. cxd5 Nxd5 12. Rc1 N7f6 13. Re1 0-0 14. dxc5 Rxc5 15. Bd4 Rxc1 16. Qxc1 Qc8 17. Ne5 Nd7 18. Qxc8 Bxc8 19. Rc1 Nxe5 20. Bxe5 Bb7 21. e4 Nf6 22. f3 Rd8 23. Bc2 h6 24. Bb3 Ne8 25. h4 Kf8 26. Bf4 Ke7 27. Ba4 a6 28. Rd1 Rxd1+ 29. Bxd1 Nd6 30. Be2 b5 31. b3 f6 32. Kf2 e5 33. Bd2 Kd7 34. g4 Kc7 35. g5 hxg5 36. hxg5 Bc8 37. Kg3 Be6 38. Bd1 Nb7 39. gxf6 gxf6 40. Bb4 Kd7 41. f4 a5 42. Bc3 Nc5 43. Kf3 exf4 44. b4 axb4 45. axb4 Nd3 46. Bxf6 Nxb4 47. Kxf4 Nc6 48. Be2 b4 1/2-1/2